000 00472nam a2200133Ia 4500
008 170221s9999 xx 000 0 und d
100 _aHathorn, John.
245 _aAccounting for the partial sale of ownership interests when control is retained
245 _cJohn Hathorn, Metropolitan State College of Denver.
260 _bJournal of Management and Marketing Research
260 _c2015
650 _xBusiness
856 _uhttp://www.aabri.com/manuscripts/111050.pdf
999 _c309293
_d309293